Makers Of Indian Literature Ashokamitran/ (Record no. 206892)

MARC details
000 -LEADER
fixed length control field 00581nam a22001937a 4500
005 - DATE AND TIME OF LATEST TRANSACTION
control field 20241105112014.0
010 ## - LCCN (DPL NO)
LC control number ENG-142566
020 ## - INTERNATIONAL STANDARD BOOK NUMBER
Terms of availability 50.00
International Standard Book Number 9789355481450
035 ## - SYSTEM CONTROL NUMBER
System control number EN-126098
037 ## - SOURCE OF ACQUISITION
Source of stock number/acquisition DBAD
082 ## - DEWEY DECIMAL CLASSIFICATION NUMBER
Classification number 891.49092
100 ## - MAIN ENTRY--PERSONAL NAME
Personal name Kandasamy, Sa.
245 ## - TITLE STATEMENT
Title Makers Of Indian Literature Ashokamitran/
260 ## - PUBLICATION, DISTRIBUTION, ETC. (IMPRINT)
Place of publication, distribution, etc Chennai
Name of publisher, distributor, etc Sahitya Akademi
Date of publication, distribution, etc 2022
270 ## - ADDRESS
City chennai
Address Guna Complex (2nd Floor), 443 , Anna Salai , Teynampet
Postal code 600018
300 ## - PHYSICAL DESCRIPTION
Extent 80p.
Dimensions 21cm(Pb)
700 ## - ADDED ENTRY--PERSONAL NAME
Personal name Ramu, Gopu
9 (RLIN) 73702
942 ## - ADDED ENTRY ELEMENTS (KOHA)
Source of classification or shelving scheme Dewey Decimal Classification
Item type English Books
Classification part 891.49092
Call number suffix KAN
Holdings
Withdrawn status Lost status Not for loan Collection code Home library Current library Date acquired Source of acquisition Cost, normal purchase price Full call number Barcode Copy number Cost, replacement price Koha item type
      Non-fiction Bawana Bawana 05/11/2024 DBAD 50.00 891.49092 KAN EN-126098 1 50.00 English Books

© Delhi Public Library
Hit Counter
free hit counter